000 00255nam a22000977a 4500
008 250820b |||||||| |||| 00| 0 eng d
020 _a9789354718823
100 _aKibuishi Kazu
_97631
245 _aAmulet-9 (Waverider)
260 _aNew Delhi
_bScholastic
_c2023
999 _c12806
_d12806